$GML : the billion dollar secret

Αποθηκεύτηκε σε:
Λεπτομέρειες βιβλιογραφικής εγγραφής
Κύριος συγγραφέας: Ensign, Chet
Μορφή: Βιβλίο
Γλώσσα:English
Δημοσίευση: Upper Saddle River, NJ : Prentice Hall, 1997
Σειρά:Charles F. Goldfarb series on open information management
Θέματα:
Ετικέτες: Προσθήκη ετικέτας
Δεν υπάρχουν, Καταχωρήστε ετικέτα πρώτοι!

MARC

LEADER 00000cam a2200000 i 4500
001 1/96070
008 991213s1997 eng d
020 |a 0-13-226705-5 
035 |l 10055594 
040 |a GR-MY-UA  |b gre  |e aacr 
041 0 |a eng 
082 0 |a 651.8572 
100 0 |a Ensign, Chet. 
245 1 0 |a $GML :  |b the billion dollar secret /  |c Chet Ensign 
246 3 3 |a SGML 
260 |a Upper Saddle River, NJ :   |b Prentice Hall,   |c 1997 
300 |a xxvi, 213 p.;  |b ill.;  |c 24 cm. 
490 1 |a Charles F. Goldfarb series on open information management 
504 |a Includes index 
650 0 0 |a SGML (Document markup language) 
650 0 0 |a Business records  |x Data processing. 
650 0 0 |a Information storage and retrieval systems  |x Business. 
830 0 |a Charles F. Goldfarb series on open information management 
852 |a INST  |b SAMOS  |e 19991213  |h 651.8572 ENS  |p 005300016338  |q 005300016338  |t BK  |y 0 
901 |a BIBL3-2000-2 
909 |a Σ  |b 071017 
922 |a 3ΕΛΗ  |b 199911  |c ΤΠΕΣ  |d ΠΑΠΑΣΩΤΗΡΙΟΥ 
950 |a 133-1999-07-20 
970 |z 2000/05/ΜΠΡΑΤΤΗΣ